Resistencias del psicoanálisis
Zapisane w:
| 1. autor: | |
|---|---|
| Format: | Książka |
| Język: | hiszpański |
| Wydane: |
Buenos Aires
Paidós
1997
|
| Wydanie: | 1a. ed |
| Seria: | Espacios del Saber, 2
|
| Hasła przedmiotowe: | |
| Etykiety: |
Dodaj etykietę
Nie ma etykietki, Dołącz pierwszą etykiete!
|
MARC
| LEADER | 00000nam a2200000 a 4500 | ||
|---|---|---|---|
| 001 | UCL6854 | ||
| 003 | CL-VaPUC | ||
| 008 | 040423e19970000AG |||||||||||||||||spa|d | ||
| 020 | |a 9501265021 | ||
| 082 | 0 | 4 | |a 616.8917 |b DER |2 21 |
| 100 | |a Derrida, Jacques |d 1930-2004 |e author |9 449254 | ||
| 245 | 1 | 0 | |a Resistencias del psicoanálisis |
| 250 | |a 1a. ed | ||
| 300 | |a 167 p | ||
| 942 | |c BK | ||
| 945 | |d 20040423 00:00:00 |a cmena | ||
| 260 | |a Buenos Aires |b Paidós |c 1997 | ||
| 650 | 0 | |a Psicoanálisis |9 265702 | |
| 650 | 0 | |a Escuelas filosóficas |9 266232 | |
| 583 | |a last modification |c 20040423 00:00:00 |k Rodrigo Vera | ||
| 490 | 0 | |a Espacios del Saber, 2 | |
| 999 | |c 308739 |d 308737 | ||
| 952 | |0 0 |1 0 |4 0 |6 616_891700000000000_DER_1997 |7 0 |8 A |9 375547 |a BIBEDU |b BIBEDU |d 2019-11-21 |i 4005295 |o 616.8917 DER 1997 |p 4005295 |r 2019-11-21 |w 2019-11-21 |y BK |k BME | ||